Statistics for Top 10 Least Populous U.S. States in 1990

Click here to take the quiz!

General Stats

  • This quiz has been taken 33 times
  • The average score is 9 of 10

Answer Stats

Answer% Correct
Montana
100%
Idaho
97%
North Dakota
97%
South Dakota
97%
Wyoming
97%
Alaska
88%
Vermont
85%
Hawaii
76%
Rhode Island
76%
Delaware
70%

Score Distribution

Percentile by Number Answered

Percent of People with Each Score

Your Score History

You have not taken this quiz